| Tag |
First Indicator |
Second Indicator |
Subfields |
| LEADER |
00000cam a2200000K 4500 |
| 001 |
in00000152321 |
| 005 |
20220103135130.0 |
| 008 |
791120s1969 txu m 000 0 eng d |
| 035 |
|
|
|a (OCoLC)5716081
|
| 035 |
|
|
|a (OCoLC)ocm05716081
|
| 040 |
|
|
|a TXA
|b eng
|c TXA
|d OCL
|d OCLCQ
|d TXA
|d OCLCO
|d OCL
|d UtOrBLW
|
| 100 |
1 |
|
|a Hess, Harry Louis.
|
| 245 |
1 |
2 |
|a A comparison of the effectiveness of two instructional procedures for developing safety attitudes in beginning machine woodworking.
|
| 264 |
|
1 |
|a [College Station, Tex.],
|c 1969.
|
| 300 |
|
|
|a 153 leaves
|
| 336 |
|
|
|a text
|b txt
|2 rdacontent
|
| 337 |
|
|
|a unmediated
|b n
|2 rdamedia
|
| 338 |
|
|
|a volume
|b nc
|2 rdacarrier
|
| 502 |
|
|
|b Ed. D. in Industrial Education
|c Texas A & M University
|
| 520 |
3 |
|
|a The purpose of this study was to develop and assess the effectiveness of closed loop single concept safety films accompanied by lectures with the lecture-demonstration method in developing safety attitudes within beginning machine woodworking students. The experiments was designed to evaluate the following: safety attitude development, total initial safety achievement and retention concerning six machine safety units, initial safety achievement and retention for each individual safety unit, teacher rated student developed safety attitudes, and independent student film viewing frequencies. ...
|
| 650 |
|
4 |
|a Major industrial education.
|
| 655 |
|
7 |
|a Academic theses.
|2 fast
|0 (OCoLC)fst01726453
|
| 655 |
|
7 |
|a Academic theses.
|2 lcgft
|0 http://id.loc.gov/authorities/genreForms/gf2014026039
|
| 700 |
1 |
|
|a Boone, James L.,
|e degree committee member.
|0 http://id.loc.gov/authorities/names/no2009044265
|
| 700 |
1 |
|
|a Cleland, Samuel M.,
|e degree committee member.
|
| 700 |
1 |
|
|a Glazener, Everett R.,
|e degree supervisor.
|
| 700 |
1 |
|
|a Harrell, Roger L.,
|e degree committee member.
|
| 700 |
1 |
|
|a Hawkins, Leslie V.,
|e degree committee member.
|
| 710 |
2 |
|
|a Texas A & M University,
|e degree granting institution.
|0 http://id.loc.gov/authorities/names/n80125885
|
| 856 |
4 |
1 |
|u http://proxy.library.tamu.edu/login?url=http://proquest.umi.com/pqdweb?did=756762841&sid=1&Fmt=2&clientId=2945&RQT=309&VName=PQD
|z Link to ProQuest copy
|t 0
|
| 856 |
4 |
1 |
|u https://hdl.handle.net/1969.1/DISSERTATIONS-174457
|z Link to OAKTrust copy
|t 0
|
| 948 |
|
|
|h HELD BY TXA - 0 OTHER HOLDINGS
|
| 994 |
|
|
|a Z0
|b TXA
|
| 999 |
f |
f |
|s 4196d7d6-5197-3a2d-b123-ced44586bb1c
|i d07db9a7-ac34-39f8-8851-0179b272aecb
|t 0
|
| 952 |
f |
f |
|p noncirc
|a Texas A&M University
|b J.J. Pickle Campus
|c High Density Repository
|s HDR
|d Remote Storage
|t 0
|e 1969 Dissertation H586
|h Other scheme
|i unmediated -- volume
|m A14840917919
|
| 952 |
f |
f |
|a Texas A&M University
|b College Station
|c Electronic Resources
|s www_evans
|d Available Online
|t 0
|e 1969 Dissertation H586
|h Other scheme
|
| 998 |
f |
f |
|a 1969 Dissertation H586
|t 0
|l Remote Storage
|
| 998 |
f |
f |
|a 1969 Dissertation H586
|t 0
|l Available Online
|